|
|
|
|
| LEADER |
00927cam a2200289 7i4500 |
| 001 |
0000036188 |
| 005 |
20191211090000.0 |
| 007 |
##ta |
| 008 |
191211s2018 enka 001 0 eng d |
| 020 |
# |
# |
|a 9781529004670
|
| 040 |
# |
# |
|a MATR
|
| 090 |
0 |
0 |
|a B 658.406
|b BOV
|
| 100 |
1 |
# |
|a Bova, Tiffani
|e author
|
| 245 |
1 |
0 |
|a GROWTH IQ :
|b MASTER THE 10 PATHS TO GROW YOUR BUSINESS
|c Tiffani Bova.
|
| 246 |
3 |
# |
|a Growth intelligence quotient.
|
| 264 |
# |
1 |
|a London:
|b Macmillan,
|c 2018.
|
| 300 |
# |
# |
|a xii, 337 pages:
|b illustrations;
|c 24 cm.
|
| 336 |
# |
# |
|a text
|2 rdacontent
|
| 337 |
# |
# |
|a unmediated
|2 rdamedia
|
| 338 |
# |
# |
|a volume
|2 rdacarrier
|
| 504 |
# |
# |
|a Includes bibliographical references and index
|
| 650 |
# |
0 |
|a Small business --
|x Growth
|
| 650 |
# |
0 |
|a Strategic planning
|
| 650 |
# |
0 |
|a Corporations --
|x Growth
|
| 650 |
# |
0 |
|a Business planning
|
| 650 |
# |
0 |
|a Success in business
|
| 999 |
|
|
|a B000040925
|b Book
|c Book
|e Business Information Centre
|